समर हिल / (Record no. 118589)
[ view plain ]
| 000 -LEADER | |
|---|---|
| fixed length control field | 01099nam a22002657a 4500 |
| 005 - DATE AND TIME OF LATEST TRANSACTION | |
| control field | 20170124103116.0 |
| 010 ## - LIBRARY OF CONGRESS CONTROL NUMBER | |
| LC control number | B-207486 |
| 020 ## - INTERNATIONAL STANDARD BOOK NUMBER | |
| Terms of availability | 110.00 |
| International Standard Book Number | 818717160 |
| 035 ## - SYSTEM CONTROL NUMBER | |
| System control number | B-207486 |
| 037 ## - SOURCE OF ACQUISITION | |
| Source of stock number/acquisition | Cen Lib/Ret |
| 040 ## - CATALOGING SOURCE | |
| Original cataloging agency | DPL |
| Language of cataloging | HN |
| 082 ## - DEWEY DECIMAL CLASSIFICATION NUMBER | |
| Classification number | 371 |
| Item number | नीलए |
| 100 ## - MAIN ENTRY--PERSONAL NAME | |
| Personal name | नील, ए.एस. |
| 9 (RLIN) | 81009 |
| 245 ## - TITLE STATEMENT | |
| Title | समर हिल / |
| Statement of responsibility, etc | ए.एस.नील ; अनुवादक पूर्वा याज्ञिक कुशवाहा |
| 246 ## - VARYING FORM OF TITLE | |
| Title proper/short title | Summer hill / |
| Remainder of title | by A.S.Neel ; anuvadak Poorva Yagik Kushvaha |
| 260 ## - PUBLICATION, DISTRIBUTION, ETC. (IMPRINT) | |
| Place of publication, distribution, etc | भोपाल |
| Name of publisher, distributor, etc | एक्लव्य |
| Date of publication, distribution, etc | 2004 |
| 270 ## - ADDRESS | |
| City | भोपाल |
| Address | ई-7/453 एच.आई.जी. अरेरा कालोनी |
| Postal code | 462016 |
| 300 ## - PHYSICAL DESCRIPTION | |
| Extent | xii,303पृ. |
| Dimensions | 20सेमी(सजिल्द) |
| 650 ## - SUBJECT ADDED ENTRY--TOPICAL TERM | |
| Topical term or geographic name as entry element | कहानी |
| 9 (RLIN) | 81010 |
| 650 ## - SUBJECT ADDED ENTRY--TOPICAL TERM | |
| Topical term or geographic name as entry element | समरहिल का विचार |
| 9 (RLIN) | 81011 |
| 650 ## - SUBJECT ADDED ENTRY--TOPICAL TERM | |
| Topical term or geographic name as entry element | story |
| 9 (RLIN) | 12604 |
| 650 ## - SUBJECT ADDED ENTRY--TOPICAL TERM | |
| Topical term or geographic name as entry element | The idea Summerhill |
| 9 (RLIN) | 81012 |
| 700 ## - ADDED ENTRY--PERSONAL NAME | |
| Personal name | कुशवाहा, पूर्वा याज्ञिक |
| 9 (RLIN) | 81013 |
| 942 ## - ADDED ENTRY ELEMENTS (KOHA) | |
| Source of classification or shelving scheme | Dewey Decimal Classification |
| Koha item type | Hindi Books |
| Classification part | 371 |
| Call number suffix | नीलए |
| Withdrawn status | Lost status | Damaged status | Not for loan | Home library | Current library | Date acquired | Source of acquisition | Cost, normal purchase price | Total Checkouts | Full call number | Barcode | Date last seen | Date checked out | Copy number | Cost, replacement price | Price effective from | Koha item type |
|---|---|---|---|---|---|---|---|---|---|---|---|---|---|---|---|---|---|
| Central Library | Central Library | 12/09/2015 | Cen Lib/Ret | 110.00 | 2 | 371 नीलए | B-207486 | 20/04/2022 | 09/04/2022 | 1 | 110.00 | 12/09/2015 | Hindi Books |
